| 000 | 01080nam a22002057a 4500 | ||
|---|---|---|---|
| 999 |
_c60889 _d60889 |
||
| 005 | 20231115104130.0 | ||
| 008 | 231115s1984 ru ||||| |||| 00| 0 rus d | ||
| 041 | _arus | ||
| 080 | _a902.6(477.7) A-72 | ||
| 245 |
_aАнтичные государства Северного Причерноморья / _cОтв.ред. Г.А. Кошеленко, И.Т. Кругликова, В.С. Долгоруков. |
||
| 264 |
_aМосква : _bНаука, _c1984. |
||
| 300 |
_a392 с.: _bил.; _c30 см. |
||
| 440 |
_aАрхеология СССР _920381 |
||
| 653 | _aარქეოლოგია | ||
| 653 | _aჩრდილოეთ შავი ზღვის რეგიონის უძველესი სახელმწიფოები | ||
| 700 |
_aКошеленко Геннадий Андреевич _eრედაქტორი _920382 |
||
| 700 |
_aКругликова Ирина Тимофеевна _eრედაქტორი _920383 |
||
| 700 |
_aДолгоруков, В.С. _eრედაქტორი _920384 |
||
| 942 |
_2udc _cᲬᲘᲒᲜᲘ |
||